Les premiéres civilisations / (Record no. 121020)
[ view plain ]
| 000 -LEADER | |
|---|---|
| campo de control de longitud fija | 00598nam a2200193 4500 |
| 001 - NÚMERO DE CONTROL | |
| campo de control | 121020 |
| 003 - IDENTIFICADOR DE NÚMERO DE CONTROL | |
| campo de control | ES-MaACL |
| 005 - FECHA Y HORA DE LA ÚLTIMA TRANSACCIÓN | |
| campo de control | 20230906191654.0 |
| 007 - CAMPO FIJO DE DESCRIPCIÓN FÍSICA--INFORMACIÓN GENERAL | |
| campo de control de longitud fija | t| |
| 008 - DATOS DE LONGITUD FIJA--INFORMACIÓN GENERAL | |
| campo de control de longitud fija | 070214s1950 fr r ||||1| fre d |
| 245 04 - MENCIÓN DEL TÍTULO | |
| Título | Les premiéres civilisations / |
| Mención de responsabilidad, etc. | par Pierre Jouguet [et al.]. |
| 260 ## - PUBLICACIÓN, DISTRIBUCIÓN, ETC. | |
| Lugar de publicación, distribución, etc. | Paris : |
| Nombre del editor, distribuidor, etc. | Presses Universitaires de France, |
| Fecha de publicación, distribución, etc. | 1950. |
| 300 ## - DESCRIPCIÓN FÍSICA | |
| Extensión | XII, 766 p. ; |
| Dimensiones | 23 cm + |
| Material acompañante/anejo | 4 map. pleg. |
| 490 1# - MENCIÓN DE SERIE | |
| Mención de serie | Peuplis et civilisations |
| 700 1# - ENTRADA AGREGADA--NOMBRE PERSONAL | |
| Nombre de persona | Jouguet, Pierre. |
| 9 (RLIN) | 67021 |
| 830 0# - PUNTO DE ACCESO ADICIONAL DE SERIE-TÍTULO UNIFORME | |
| Título uniforme | Peuplis et civilisations |
| 9 (RLIN) | 218717 |
| 852 ## - LOCALIZACIÓN | |
| Ubicación | ES-MaACL |
| Número de control de estantería | C-32701 |
| Sublocalización o colección | R.63522 |
| Estatus retirado | Estado de pérdida | Estado de daño | No para préstamo | Biblioteca de origen | Biblioteca actual | Ubicación en estantería | Fecha de adquisición | Fuente de adquisición | Total de préstamos | Signatura topográfica completa | Código de barras | Visto por última vez | Precio de reemplazo | Tipo de ítem Koha |
|---|---|---|---|---|---|---|---|---|---|---|---|---|---|---|
| Biblioteca del Ateneo de Madrid | Biblioteca del Ateneo de Madrid | Depósito 2 | 17/01/2008 | C-32701 | 1126130 | 23/02/2023 | 23/02/2023 | Libro impreso |
